Η παιδική ηλικία και η κοινωνία

Αποθηκεύτηκε σε:
Λεπτομέρειες βιβλιογραφικής εγγραφής
Κύριος συγγραφέας: Erikson, Erik H. (Erik Homburger), 1902-1994
Άλλοι συγγραφείς: Κουτρουμπάκη, Μ. (trlf)
Μορφή: Βιβλίο
Γλώσσα:Greek
English
Δημοσίευση: Αθήνα : Καστανιώτης, c1990.
Σειρά:Ψυχανάλυση και κοινωνία. Σύγχρονη ψυχιατρική βιβλιοθήκη (Καστανιώτης) ; 4
Θέματα:
Ετικέτες: Προσθήκη ετικέτας
Δεν υπάρχουν, Καταχωρήστε ετικέτα πρώτοι!

MARC

LEADER 00000cam a2200000 i 4500
001 1/14232
008 980428s1990 gr | ||| |||| ||gre||
020 |a 9600305234 
035 |l 10019345 
040 |a GR-MyUA  |b gre  |e AACR2 
041 1 |a gre  |h eng 
082 0 |a 155.418 
100 1 |a Erikson, Erik H.   |q (Erik Homburger),   |d 1902-1994. 
245 1 2 |a Η παιδική ηλικία και η κοινωνία /   |c Erik H. Erikson ; μετάφραση Μ. Κουτρουμπάκη.  
260 |a Αθήνα :   |b Καστανιώτης,   |c c1990.  
300 |a 447 σ. :   |b σχέδια ;  
490 1 |a (Ψυχανάλυση και κοινωνία. Σύγχρονη ψυχιατρική βιβλιοθήκη / Καστανιώτης ;   |v  4)  
500 |a Τίτλος πρωτοτύπου: Childhood and society.  
650 0 0 |a Child analysis. 
650 0 0 |a Child psychology. 
650 0 0 |a Child development. 
650 0 0 |a Children. 
700 1 |a Κουτρουμπάκη, Μ.  |e trlf 
830 0 |a Ψυχανάλυση και κοινωνία.   |p Σύγχρονη ψυχιατρική βιβλιοθήκη (Καστανιώτης)  |v  ; 4 
852 |a INST  |b LESVOS  |e 19980428  |h 155.418 ERI  |p 005100014219  |q 005100014219  |t BK  |y 0 
901 |a BIBL-1998-2 
909 |a Λ  |b 055316 
922 |a 1ΕΛΗ  |b 199803  |c ΚΠΣ/ΤΚ  |d EMVASIS 
950 |a 103-1998-02-16